[Event "Florianopolis zt 2.4"]
[Site "Florianopolis"]
[Date "2017.04.30"]
[Round "8"]
[White "Mekhitarian, Krikor Sevag"]
[Black "Cori Tello, Jorge Moise"]
[Result "0-1"]
[WhiteElo "2544"]
[BlackElo "2611"]
[PlyCount "216"]
[EventDate "2017.04.26"]
[EventType "swiss"]
[EventRounds "9"]
[EventCountry "BRA"]
[SourceTitle "CBM 178 Extra"]
[Source "ChessBase"]
[SourceDate "2017.06.22"]
[SourceVersion "1"]
[SourceVersionDate "2017.06.22"]
[SourceQuality "1"]

1. d4 Nf6 2. c4 e6 3. Nf3 Bb4+ 4. Bd2 Qe7 5. g3 Bxd2+ 6. Qxd2 b6 7. Nc3 Bb7 8.
Bg2 d6 9. O-O O-O 10. d5 e5 11. e4 a5 12. b3 Na6 13. Ne1 Nc5 14. Nd3 Nfd7 15.
Rae1 Bc8 16. f4 Nxd3 17. Qxd3 Nc5 18. Qe3 g6 19. f5 gxf5 20. exf5 f6 21. Ne4
Qg7 22. h3 Bd7 23. Kh2 Kh8 24. g4 Rg8 25. Rf2 h5 26. Rh1 Nxe4 27. Bxe4 Qh7 28.
Kg1 Rg5 29. a4 Kg8 30. Kf1 Kf7 31. Rg1 Rh8 32. Rfg2 hxg4 33. hxg4 Qg8 34. Qf3
Rh4 35. Ke2 Qh8 36. Rg3 Ke7 37. R3g2 Be8 38. Rg3 Qh6 39. Kd3 Bd7 40. Qe3 Rh2
41. R1g2 Rh1 42. Rg1 Rh4 43. R1g2 Be8 44. Rg1 Kf8 45. Qf3 Rg7 46. Qe3 Qf4 47.
Bf3 Re7 48. Be4 Rg7 49. Bf3 Qxe3+ 50. Kxe3 Rgh7 51. Kf2 Kg7 52. Ke3 Rh2 53.
R3g2 R2h3 54. Rg3 Rxg3 55. Rxg3 Rh2 56. Be2 Kh6 57. Rg1 Kg5 58. Rd1 Rh3+ 59.
Bf3 c6 60. Rc1 cxd5 61. cxd5 Bf7 62. Rd1 Rh2 63. Be2 Rh3+ 64. Bf3 Rh2 65. Be2
e4 66. Bc4 Rh4 67. Be2 Rh3+ 68. Kxe4 Rxb3 69. Bb5 Rb4+ 70. Ke3 Rxg4 71. Bd7
Rg3+ 72. Ke4 Bh5 73. Rb1 Bf3+ 74. Kd4 Rg4+ 75. Ke3 Bxd5 76. Rxb6 Bb3 77. Rxd6
Bxa4 78. Bxa4 Rxa4 79. Rd5 Kg4 80. Rc5 Ra2 81. Rb5 a4 82. Ra5 a3 83. Kd4 Rd2+
84. Ke4 a2 85. Ke3 Rb2 86. Ke4 Re2+ 87. Kd3 Kf3 88. Ra6 Rh2 89. Ra4 Rf2 90. Kc3
Ke3 91. Ra6 Rxf5 92. Rxa2 Rf1 93. Ra6 f5 94. Re6+ Kf3 95. Kd2 f4 96. Ra6 Kf2
97. Kd3 Re1 98. Ra2+ Kg3 99. Kd2 Re5 100. Ra7 f3 101. Rg7+ Kf2 102. Rd7 Kf1
103. Rf7 f2 104. Rg7 Rd5+ 105. Kc3 Ke2 106. Re7+ Kf3 107. Rf7+ Kg3 108. Rg7+
Kh4 0-1

[Event "Florianopolis zt 2.4"]
[Site "Florianopolis"]
[Date "2017.05.01"]
[Round "9"]
[White "Martins, Carlos"]
[Black "Mekhitarian, Krikor Sevag"]
[Result "0-1"]
[WhiteElo "2217"]
[BlackElo "2544"]
[PlyCount "72"]
[EventDate "2017.04.26"]
[EventType "swiss"]
[EventRounds "9"]
[EventCountry "BRA"]
[SourceTitle "CBM 178 Extra"]
[Source "ChessBase"]
[SourceDate "2017.06.22"]
[SourceVersion "1"]
[SourceVersionDate "2017.06.22"]
[SourceQuality "1"]

1. e4 e5 2. Nf3 Nc6 3. Nc3 Nf6 4. d4 exd4 5. Nxd4 Bb4 6. Nxc6 bxc6 7. Bd3 O-O
8. O-O Re8 9. Bg5 h6 10. Bh4 Rb8 11. f4 Be7 12. e5 Nd5 13. Bxe7 Qxe7 14. Nxd5
cxd5 15. b3 d6 16. Qf3 dxe5 17. fxe5 Be6 18. c3 c5 19. Bc2 Qg5 20. Rae1 Rbd8
21. Qd3 g6 22. Qe2 d4 23. c4 Rd7 24. Qf2 d3 25. h4 Qg4 26. Bd1 Qd4 27. Re3 Bf5
28. Qg3 Be4 29. Bg4 Rde7 30. Qf4 Qxe5 31. Qxh6 Qd4 32. Kh2 Bxg2 33. Rxe7 Rxe7
34. Rf4 Qb2 35. h5 Re3 36. Kg1 Bc6 0-1

[Event "Goiania op"]
[Site "Goiania"]
[Date "2017.05.26"]
[Round "1"]
[White "Franca, Jairo"]
[Black "Mekhitarian, Krikor Sevag"]
[Result "0-1"]
[WhiteElo "1658"]
[BlackElo "2541"]
[PlyCount "44"]
[EventDate "2017.05.26"]
[EventType "swiss"]
[EventRounds "6"]
[EventCountry "BRA"]
[SourceTitle "CBM 178 Extra"]
[Source "ChessBase"]
[SourceDate "2017.06.22"]
[SourceVersion "1"]
[SourceVersionDate "2017.06.22"]
[SourceQuality "1"]

1. e4 c5 2. Nf3 d6 3. d4 cxd4 4. Nxd4 Nf6 5. Nc3 e6 6. f3 a6 7. Be2 Be7 8. O-O
O-O 9. Be3 b5 10. a3 Bb7 11. Bd3 Nbd7 12. f4 Rc8 13. Qd2 Nc5 14. h3 Ncxe4 15.
Nxe4 Nxe4 16. Qe1 Bh4 17. Qd1 Ng3 18. Rf3 Bxf3 19. Qxf3 g6 20. Bf2 Nf5 21. Nc6
Bxf2+ 22. Qxf2 Rxc6 0-1

[Event "Goiania op"]
[Site "Goiania"]
[Date "2017.05.26"]
[Round "2"]
[White "Mekhitarian, Krikor Sevag"]
[Black "Fontenelle, Reinaldo Resende"]
[Result "1-0"]
[WhiteElo "2541"]
[BlackElo "1896"]
[PlyCount "49"]
[EventDate "2017.05.26"]
[EventType "swiss"]
[EventRounds "6"]
[EventCountry "BRA"]
[SourceTitle "CBM 178 Extra"]
[Source "ChessBase"]
[SourceDate "2017.06.22"]
[SourceVersion "1"]
[SourceVersionDate "2017.06.22"]
[SourceQuality "1"]

1. e4 c5 2. Nf3 d6 3. d4 cxd4 4. Nxd4 Nf6 5. Nc3 a6 6. g3 e5 7. Nb3 Be7 8. Bg2
Be6 9. O-O Nbd7 10. a4 Nb6 11. a5 Nc4 12. Nd5 O-O 13. Qd3 Rc8 14. Ra4 Bxd5 15.
exd5 Qc7 16. Bh3 b5 17. axb6 Nxb6 18. Bxc8 Nxa4 19. Bxa6 Ra8 20. Bb5 Nb6 21.
Bc6 Ra2 22. c4 Nfd7 23. Qb1 Qa7 24. Be3 Nc5 25. Nd2 1-0

[Event "Goiania op"]
[Site "Goiania"]
[Date "2017.05.27"]
[Round "3"]
[White "Franca, Jairo Jr"]
[Black "Mekhitarian, Krikor Sevag"]
[Result "0-1"]
[WhiteElo "1944"]
[BlackElo "2541"]
[PlyCount "90"]
[EventDate "2017.05.26"]
[EventType "swiss"]
[EventRounds "6"]
[EventCountry "BRA"]
[SourceTitle "CBM 178 Extra"]
[Source "ChessBase"]
[SourceDate "2017.06.22"]
[SourceVersion "1"]
[SourceVersionDate "2017.06.22"]
[SourceQuality "1"]

1. e4 e5 2. Nf3 Nc6 3. Bb5 a6 4. Ba4 Nf6 5. O-O b5 6. Bb3 Bc5 7. c3 d6 8. d4
Bb6 9. dxe5 Nxe5 10. Nxe5 dxe5 11. Qxd8+ Kxd8 12. Nd2 Ke7 13. Nf3 Nd7 14. Bd5
Rb8 15. Bc6 f6 16. a4 bxa4 17. Bxa4 Nc5 18. Bc2 Bb7 19. Nd2 Rhd8 20. b4 Nd3 21.
Nc4 Bxe4 22. Nxb6 Rxb6 23. Be3 Rc6 24. Bxd3 Bxd3 25. Bc5+ Rxc5 26. bxc5 Bxf1
27. Kxf1 Ra8 28. Ra5 Ke6 29. c4 c6 30. Ke2 e4 31. Kd2 Ke5 32. Kc3 f5 33. h4 f4
34. h5 Ra7 35. f3 e3 36. h6 g5 37. Kd3 Kf5 38. Ke2 Kg6 39. Ra1 a5 40. g3 a4 41.
gxf4 gxf4 42. Rg1+ Kxh6 43. Kd3 a3 44. Kc3 a2 45. Ra1 Kg5 0-1

[Event "Goiania op"]
[Site "Goiania"]
[Date "2017.05.27"]
[Round "4"]
[White "Mekhitarian, Krikor Sevag"]
[Black "Mourao, Igor AC Lofredo"]
[Result "1-0"]
[WhiteElo "2541"]
[BlackElo "2108"]
[PlyCount "137"]
[EventDate "2017.05.26"]
[EventType "swiss"]
[EventRounds "6"]
[EventCountry "BRA"]
[SourceTitle "CBM 178 Extra"]
[Source "ChessBase"]
[SourceDate "2017.06.22"]
[SourceVersion "1"]
[SourceVersionDate "2017.06.22"]
[SourceQuality "1"]

1. d4 d5 2. Nf3 e6 3. g3 Nf6 4. Bg2 c5 5. c4 dxc4 6. O-O Nc6 7. dxc5 Qxd1 8.
Rxd1 Bxc5 9. Nbd2 Nd5 10. Nxc4 b5 11. Ncd2 Bb7 12. Ne4 Be7 13. Bd2 O-O 14. Rac1
Rac8 15. Nc5 Ba8 16. a3 Rfd8 17. Bf1 Nb6 18. Nd3 a5 19. Be1 Nc4 20. a4 Nd6 21.
axb5 Nxb5 22. e3 Bf6 23. b3 Nd6 24. Be2 Ne4 25. Rc4 Nd6 26. Rc2 Rb8 27. Nc5 Nb4
28. Rcd2 Ne4 29. Rxd8+ Rxd8 30. Nd7 Bb2 31. Nfe5 Bxe5 32. Nxe5 Rxd1 33. Bxd1
Bd5 34. Nd7 Nd3 35. Bxa5 Ndxf2 36. Bc2 Ng4 37. Bb6 Nd2 38. h3 Nf3+ 39. Kf1 Nge5
40. Nc5 f5 41. Kf2 Ng5 42. h4 Ngf7 43. e4 fxe4 44. Nxe4 Nc6 45. Bc5 Nfe5 46.
Ke3 Nd7 47. Bd6 h6 48. Nc3 Nf6 49. b4 Bc4 50. b5 Na5 51. Kd4 Bf1 52. Bc7 Nb7
53. b6 Kf7 54. Ne4 Nd5 55. Nc5 Nxc5 56. Kxc5 Ba6 57. Be5 g5 58. h5 Bb7 59. Bg6+
Kf8 60. Be4 Kf7 61. Bd4 g4 62. Kd6 Nxb6 63. Bxb7 Nc4+ 64. Kd7 e5 65. Bd5+ Kf6
66. Bxc4 exd4 67. Kd6 Kg5 68. Ke5 Kxh5 69. Kf5 1-0

[Event "Goiania op"]
[Site "Goiania"]
[Date "2017.05.28"]
[Round "6"]
[White "Mekhitarian, Krikor Sevag"]
[Black "Cantarino Neto, Mario Ribeiro"]
[Result "1-0"]
[WhiteElo "2541"]
[BlackElo "1996"]
[PlyCount "53"]
[EventDate "2017.05.26"]
[EventType "swiss"]
[EventRounds "6"]
[EventCountry "BRA"]
[SourceTitle "CBM 178 Extra"]
[Source "ChessBase"]
[SourceDate "2017.06.22"]
[SourceVersion "1"]
[SourceVersionDate "2017.06.22"]
[SourceQuality "1"]

1. e4 e5 2. Nf3 Nc6 3. Bb5 a6 4. Ba4 Nf6 5. O-O Be7 6. Re1 b5 7. Bb3 d6 8. c3
O-O 9. h3 Na5 10. Bc2 c5 11. d4 Qc7 12. Nbd2 Nc6 13. d5 Nd8 14. a4 Rb8 15. axb5
axb5 16. b4 Bd7 17. Nf1 Ne8 18. Ne3 g6 19. bxc5 dxc5 20. d6 Qxd6 21. Nd5 f6 22.
Ra6 Nc6 23. Nxe7+ Qxe7 24. Qd5+ Kg7 25. Rd1 Nc7 26. Qxd7 Nxa6 27. Qxc6 1-0

[Event "Cuiaba Contaud op"]
[Site "Cuiaba"]
[Date "2017.07.28"]
[Round "1"]
[White "Mekhitarian, Krikor Sevag"]
[Black "Langner, Donizete Ribeiro"]
[Result "1-0"]
[WhiteElo "2534"]
[BlackElo "1947"]
[PlyCount "51"]
[EventDate "2017.07.28"]
[EventType "swiss"]
[EventRounds "6"]
[EventCountry "BRA"]
[SourceTitle "EXT 2018"]
[Source "ChessBase"]
[SourceDate "2017.10.13"]
[SourceVersion "1"]
[SourceVersionDate "2017.10.13"]
[SourceQuality "1"]

1. e4 c5 2. Nf3 Nc6 3. Bb5 e6 4. O-O Nge7 5. c3 a6 6. Ba4 b5 7. Bc2 c4 8. a4
Bb7 9. d4 cxd3 10. Qxd3 b4 11. Nbd2 Ng6 12. Nc4 d5 13. exd5 exd5 14. Ne3 Nce5
15. Nxe5 Nxe5 16. Qd4 f6 17. Bb3 bxc3 18. bxc3 Qa5 19. Nxd5 Bc5 20. Qe4 O-O-O
21. c4 Nxc4 22. Qe6+ Rd7 23. Bxc4 Bxd5 24. Bxd5 Bxf2+ 25. Rxf2 Qxd5 26. Qxa6+
1-0

[Event "Cuiaba Contaud op"]
[Site "Cuiaba"]
[Date "2017.07.28"]
[Round "2"]
[White "Utiyama, Marcel Heimar Ribei"]
[Black "Mekhitarian, Krikor Sevag"]
[Result "0-1"]
[WhiteElo "2209"]
[BlackElo "2534"]
[PlyCount "62"]
[EventDate "2017.07.28"]
[EventType "swiss"]
[EventRounds "6"]
[EventCountry "BRA"]
[SourceTitle "EXT 2018"]
[Source "ChessBase"]
[SourceDate "2017.10.13"]
[SourceVersion "1"]
[SourceVersionDate "2017.10.13"]
[SourceQuality "1"]

1. e4 e5 2. Nf3 Nc6 3. Bb5 a6 4. Ba4 Nf6 5. O-O Be7 6. d3 b5 7. Bb3 d6 8. a3
O-O 9. Re1 Na5 10. Ba2 c5 11. Nc3 Be6 12. Bg5 Nc6 13. h3 Qd7 14. Bxf6 Bxf6 15.
Nd5 Bd8 16. c3 Kh8 17. Nd2 g6 18. Qe2 f5 19. exf5 gxf5 20. f4 Qf7 21. Qf3 Bh4
22. Re2 Rae8 23. Nf1 Rg8 24. b4 c4 25. dxc4 e4 26. Qe3 bxc4 27. Nb6 d5 28. Qc5
Na7 29. Ne3 Be7 30. Qd4+ Bf6 31. Qd2 Rd8 0-1

[Event "Cuiaba Contaud op"]
[Site "Cuiaba"]
[Date "2017.07.29"]
[Round "3"]
[White "Mekhitarian, Krikor Sevag"]
[Black "Aranha Filho, Alvaro Zimmermann"]
[Result "1/2-1/2"]
[WhiteElo "2534"]
[BlackElo "2327"]
[PlyCount "54"]
[EventDate "2017.07.28"]
[EventType "swiss"]
[EventRounds "6"]
[EventCountry "BRA"]
[SourceTitle "EXT 2018"]
[Source "ChessBase"]
[SourceDate "2017.10.13"]
[SourceVersion "1"]
[SourceVersionDate "2017.10.13"]
[SourceQuality "1"]

1. Nf3 Nf6 2. c4 c5 3. Nc3 Nc6 4. d4 cxd4 5. Nxd4 e6 6. a3 d5 7. cxd5 Nxd5 8.
Nxc6 bxc6 9. Qc2 Be7 10. e4 Nxc3 11. Qxc3 O-O 12. Be3 c5 13. Be2 Bb7 14. f3 f5
15. Rd1 Qc8 16. exf5 Rxf5 17. O-O Bf6 18. Qc2 Re5 19. Bf2 Rxe2 20. Qxe2 Ba6 21.
Qc2 Bxf1 22. Kxf1 Rb8 23. b3 Qa6+ 24. Qc4 Qxa3 25. Rb1 Qb4 26. Qxe6+ Kh8 27.
Rc1 Bd4 1/2-1/2

[Event "Cuiaba Contaud op"]
[Site "Cuiaba"]
[Date "2017.07.29"]
[Round "4"]
[White "Stiegemeier, Fernando"]
[Black "Mekhitarian, Krikor Sevag"]
[Result "0-1"]
[WhiteElo "1907"]
[BlackElo "2534"]
[PlyCount "21"]
[EventDate "2017.07.28"]
[EventType "swiss"]
[EventRounds "6"]
[EventCountry "BRA"]
[SourceTitle "EXT 2018"]
[Source "ChessBase"]
[SourceDate "2017.10.13"]
[SourceVersion "1"]
[SourceVersionDate "2017.10.13"]
[SourceQuality "1"]

1. d4 Nf6 2. Nf3 g6 3. g3 Bg7 4. Bg2 O-O 5. O-O d5 6. c3 c5 7. Nbd2 Nbd7 8. Re1
e6 9. b3 b6 10. Bb2 Bb7 11. Rc1 {Celular} 0-1

[Event "Cuiaba Contaud op"]
[Site "Cuiaba"]
[Date "2017.07.30"]
[Round "5"]
[White "Mekhitarian, Krikor Sevag"]
[Black "Di Berardino, Diego Rafael"]
[Result "1/2-1/2"]
[WhiteElo "2534"]
[BlackElo "2498"]
[PlyCount "90"]
[EventDate "2017.07.28"]
[EventType "swiss"]
[EventRounds "6"]
[EventCountry "BRA"]
[SourceTitle "EXT 2018"]
[Source "ChessBase"]
[SourceDate "2017.10.13"]
[SourceVersion "1"]
[SourceVersionDate "2017.10.13"]
[SourceQuality "1"]

1. e4 c5 2. Nf3 d6 3. d4 cxd4 4. Nxd4 Nf6 5. Nc3 a6 6. Bg5 e6 7. f4 Be7 8. Qf3
Qc7 9. O-O-O Nbd7 10. g4 h6 11. Bxf6 Bxf6 12. h4 Qb6 13. Nb3 Be7 14. g5 Nc5 15.
Nd4 Bd7 16. Kb1 O-O-O 17. Bg2 Kb8 18. Qg3 Rc8 19. Rd2 g6 20. Rf1 Na4 21. Nxa4
Bxa4 22. c3 Rc7 23. f5 e5 24. Nc2 hxg5 25. hxg5 a5 26. f6 Bd8 27. Rfd1 Rc6 28.
Bh3 Bc7 29. Bd7 Rc4 30. Qe3 Rxe4 31. Qxe4 Bxd7 32. Ne3 Qc6 33. Qc4 Be6 34. Qe2
Rh5 35. Nd5 Bxd5 36. Rxd5 Rxg5 37. Qf2 Rf5 38. Qh4 Rh5 39. Qg4 Rf5 40. Qh3 Rh5
41. Qg4 Rf5 42. Qh3 Rh5 43. Qg4 Rf5 44. Qh4 Rh5 45. Qg4 Rf5 1/2-1/2

[Event "Cuiaba Contaud op"]
[Site "Cuiaba"]
[Date "2017.07.30"]
[Round "6"]
[White "Matsuura, Everaldo"]
[Black "Mekhitarian, Krikor Sevag"]
[Result "1/2-1/2"]
[WhiteElo "2462"]
[BlackElo "2534"]
[PlyCount "44"]
[EventDate "2017.07.28"]
[EventType "swiss"]
[EventRounds "6"]
[EventCountry "BRA"]
[SourceTitle "EXT 2018"]
[Source "ChessBase"]
[SourceDate "2017.10.13"]
[SourceVersion "1"]
[SourceVersionDate "2017.10.13"]
[SourceQuality "1"]

1. e4 e5 2. Nf3 Nc6 3. Bb5 a6 4. Ba4 Nf6 5. O-O Be7 6. Re1 b5 7. Bb3 d6 8. c3
O-O 9. h3 Re8 10. d4 Bb7 11. Ng5 Rf8 12. Nf3 Nd7 13. Nbd2 exd4 14. cxd4 Re8 15.
d5 Na5 16. Bc2 Bf6 17. Rb1 Nb6 18. Nf1 c6 19. dxc6 Nxc6 20. a3 d5 21. Ng3 g6
22. exd5 Rxe1+ 1/2-1/2

[Event "Abu Dhabi op 24th"]
[Site "Abu Dhabi"]
[Date "2017.08.17"]
[Round "4"]
[White "Rozum, Ivan"]
[Black "Mekhitarian, Krikor Sevag"]
[Result "1/2-1/2"]
[WhiteElo "2579"]
[BlackElo "2534"]
[Annotator "Mekhitarian,K"]
[PlyCount "106"]
[EventDate "2017.08.14"]
[EventType "swiss"]
[EventRounds "9"]
[EventCountry "UAE"]
[SourceTitle "CBM 180 Extra"]
[Source "ChessBase"]
[SourceDate "2017.10.06"]
[SourceVersion "1"]
[SourceVersionDate "2017.10.06"]
[SourceQuality "1"]
[WhiteClock "0:02:32"]
[BlackClock "0:01:52"]

1. d4 Nf6 2. c4 e6 3. Nc3 Bb4 4. e3 O-O 5. Nge2 {A fashionable variation;
White wants to play a3 next. It was introduced by the great Akiba Rubinstein,
back in 1925! (see the analysis for Black's 10th move)} d5 {the most common
move. Black also has other interesting options to prepare for the bishop's
removal:} (5... Re8 $5 6. a3 Bf8) (5... c6 $5 6. a3 Ba5) 6. a3 Be7 {The bishop
has to go back! taking on c3 fully justifies White's plan. Bd6 is also very
consistent} (6... Bd6 7. Ng3 $1 (7. cxd5 {doesn't make sense now, the black
bishop is sitting ideally on d6} exd5) (7. c5 Be7 8. Nf4 b6 9. b4 c6 10. Be2
Nbd7 11. Nd3 Qc7 12. Bb2 bxc5 13. bxc5 e5 14. O-O exd4 15. exd4 Ne4 16. Qa4 Bf6
17. Rfd1 Re8 18. Bf1 a5 19. Qc2 Ba6 $15 {0-1 (66) Sipila,V (2412)-Aranha Filho,
A (2279) Lisbon 2014}) 7... c5 8. dxc5 $1 Bxc5 9. b4 {and White has been
battling for a small edge after} Be7 10. cxd5 (10. Bb2 $5) 10... exd5 11. Bd3
Nc6 12. Nce2 a5 13. b5 Ne5 14. Bb2 Nc4 15. Bc3 Be6 16. O-O Re8 17. Nf4 Rc8 18.
Bd4 $11 {/+/=: 1-0 (42) Fier,A (2612)-Kveinys,A (2507) Cappelle-la-Grande 2015}
) 7. cxd5 (7. Ng3 {is safe for Black} c5 $1 8. dxc5 {The difference is that
Black may take on c4 now, simplifying the position to equalise:} dxc4 $1 9.
Bxc4 $6 (9. Qxd8 Rxd8 10. Bxc4 Bxc5 11. b4 Be7 12. Bb2 Nc6 13. Nce4 Nxe4 14.
Nxe4 b6 {½-½ (14) Gonzalez Vidal,Y (2557)-Quesada Perez,Y (2642) Arlington
2014}) 9... Qxd1+ 10. Kxd1 Bxc5 $15) 7... exd5 8. Nf4 c6 9. Bd3 Re8 10. O-O
Nbd7 (10... Bd6 {the aforementioned game} 11. f3 Qc7 12. h3 Nbd7 13. b4 Nf8 14.
g4 $5 {an impressive move considering it was played nearly 100 years ago! this
kingside expansion is thematic in this kind of position.} (14. Nfe2 $1 {
preparing e4}) 14... Bxf4 $6 15. exf4 a5 16. b5 $13 {1-0 (31) Rubinstein,
A-Saemisch,F Moscow 1925}) 11. Bc2 Nf8 12. f3 {trying to play e4, one of the
main ideas in this pawn structure} Bd6 $1 {I had played this move in 2015 and
scored a nice win in a complicated game (analysis may be checked there until
move 19). I was slightly worried my opponent had an improvement, but still I
trusted the idea and repeated it. This move provokes e4 more than anything} 13.
e4 {quickly played. Now there is no way back} (13. Nfe2 $5 {preparing e4})
13... dxe4 14. fxe4 Bg4 15. Qd3 c5 $1 16. e5 {played after 8 minutes of
thought. I started to feel confident that he wasn't aware of my game} cxd4 17.
exf6 dxc3 18. fxg7 Ng6 {Here I knew I already had a good advantage, and my
opponent went into deep thought, making me even more confident} 19. Nxg6 $146 {
after thinking for 30 minutes, he came up with a new move} (19. Nd5 $2 Be2 $6 (
19... Bc5+ $1 $19) 20. Qf5 Bxf1 21. Bg5 $2 (21. Nf6+ $1 Kxg7 22. Nxe8+ Qxe8 23.
Kxf1 $17) 21... Re5 $1 22. Nf6+ Kxg7 23. Nh5+ Kf8 24. Bh6+ Kg8 25. Nf6+ Kh8 26.
Qxf1 cxb2 27. Rd1 Qe7 $19 {Santos,M (2357)-Mekhitarian,K (2551) Blumenau
Region-ch sf 2015 (5) 0-1}) 19... hxg6 20. Qc4 $2 (20. bxc3 {would be the
least of the evils,} Rc8 $17) 20... Be6 21. Qxc3 Rc8 22. Qd2 {White places his
pieces awkwardly, but there is a nice Qh6 threat} Rxc2 $5 (22... Rc4 $3 $19 {
I did not even dream of this move! Basically Black defends the Qh6 threat with
the original Rh4 and White had put all his chips on that idea. There is a nice
threat of Bc5+ followed by the queen exchange and Rxc2} 23. Bxg6 (23. b4 {
stopping Bc5+} Be5 $1 24. Ra2 Qxd2 25. Bxd2 Rcc8 $19 {[%cal Ge6a2,Gc8c2]
winning a piece}) (23. Kh1 Rh4 $19) 23... Rh4 $1 24. g3 Bc5+ 25. Rf2 Qxd2 26.
Bxd2 Bxf2+ 27. Kxf2 Rxh2+ $19) (22... Be5 {was the alternative move I thought
for some time, guaranteeing a big advantage in the endgame} 23. Qxd8 (23. Qh6
$2 Bxg7 $19) 23... Rexd8 24. Be4 b6 $17 {I realised this was great, but the I
felt I could be winning with the game move}) 23. Qxc2 (23. Qh6 $2 {I spent too
much time thinking about this, making Rxg2+! work but even a simple move like
f5 works (I hadn't realized I could defend against the checkmate like that)}
Rxg2+ (23... f5 $1 24. Qh8+ Kf7 $19) 24. Kxg2 Bd5+ 25. Rf3 (25. Kh3 Qd7+ 26.
Kh4 Re4+ 27. Bf4 Qe7+ 28. Kg3 (28. Qg5 Qe6 $1 $19 {Be7 is a deadly threat})
28... Re3+ $19 {with mate to follow}) 25... Re2+ 26. Kf1 Rxh2 $19 {a nice
defensive-attacking move, forcing White to resign}) 23... Qh4 24. g3 (24. h3 $2
{I also spent some time realising this was losing for White} Qg3 25. Rf3 (25.
Qc3 Qh2+ 26. Kf2 Bd5 $1 $19) 25... Qh2+ 26. Kf2 Bd5 $1 $19 {with very strong
decisive threats}) 24... Qd4+ 25. Qf2 (25. Rf2 $2 Bf5 {was my idea} 26. Qd2 Bh3
$1 $19 {threatening the killer Bc5}) 25... Bc5 26. Qxd4 Bxd4+ 27. Kg2 (27. Rf2
$2 {was one of the moves I was hoping to see:} Bh3 $1 28. Bd2 Re2 29. Be1 {
And White is totally paralysed!} Rxb2 $19 {and Black has time to bring the
king or advance the queenside, and White will have to sit there and wait} (
29... Kxg7 $4 30. Bc3 $1 $18 {oops! never late to go wrong}) 30. Rc1 Re2 $1 {
holding everything back} 31. Rb1 f6 $19) 27... Bd5+ 28. Kh3 Re2 29. Rd1 Be6+ $5
(29... Bg2+ $5 {I was thinking a lot about this one} 30. Kg4 $1 (30. Kh4 $2
Re4+ $1 31. Bf4 (31. g4 Bf2+ 32. Kg5 Kxg7 33. Rd7 Re5+ 34. Kf4 Rc5 {[%cal
Gg6g5]} 35. g5 Rc4+ 36. Ke5 Re4+ $19 {followed by Rd4+ winning a rook}) 31...
Bf6+ 32. Kg4 Be7 $1 $19 {with f5 to come}) 30... Bc5 $1 {I couldn't find this
very counter-intuitive move} 31. Rd7 (31. Bf4 $2 Be7 $1 $19) 31... Be4 $1 {
wanting Bf5+} 32. b4 $1 Bf5+ 33. Kf4 Bxd7 34. bxc5 Rxh2 $17 {with good winning
chances}) 30. g4 Re4 (30... Be5 $5 31. Rd2 $1 Re4 (31... Re1 $4 32. Rd8+ Kxg7
33. Bh6+ $1 $18 {[%cal Ga1e1]}) 32. Rg2 (32. Kg2 Rxg4+ 33. Kf2 Rh4 $40) 32...
f5 {I didn't realise this is still interesting} 33. Rf2 $1 {freeing g2} Rxg4
34. Rg2 $1 Re4 35. Rxg6 Re2 36. Kh4 $1 $13 {only}) 31. Kg3 Rxg4+ 32. Kf3 f5 {
I thought this was nearly winning} 33. Be3 Bd5+ 34. Kf2 Rg2+ (34... Rf4+ $2 35.
Ke1 Bxe3 36. Rxd5 Kxg7 $14) 35. Kf1 Bxe3 36. Rxd5 {I had thought before that
the rook on g2 was defended, allowing f4-f3 here} Rxh2 (36... Rg1+ $5 37. Ke2
Rxa1 38. Kxe3 Re1+ 39. Kf4 Kxg7 40. Rd7+ Kf6 41. Rxb7 g5+ $15 {Black has some
initiative, but the game should end in a draw}) (36... Rxb2 37. Rd7 $1 $132)
37. Rad1 $1 f4 38. R1d3 (38. Re5 $5 $11) (38. Rd7 $2 f3 $1 $17) 38... Kxg7 (
38... Rxb2 $2 39. Rd7 $1 $16 {I have to be careful, White has threats with Re7
or Rc3}) 39. Rd7+ Kf6 40. Rxb7 Kf5 {I thought once again I was winning!} 41.
Rxe3 $1 {forced and good} fxe3 42. b4 (42. Rxa7 {this would also be enough}
Rxb2 43. a4 $11 {Black has major difficulties to advance his pawns}) 42... g5
43. Rxa7 Rb2 44. Re7 $1 Kf4 45. Rf7+ Ke4 (45... Kg3 {wouldn't change much} 46.
Re7 Kf3 47. Rf7+ Kg3 48. Re7 Rb3 49. b5 $11 (49. Ke2 g4 50. a4 $11)) 46. Re7+
Kd3 47. Rd7+ Ke4 48. Re7+ Kd3 49. Rd7+ Kc4 50. Re7 Rb3 51. Ke2 Rxa3 52. Rxe3
Rxe3+ 53. Kxe3 Kxb4 1/2-1/2

[Event "Douglas IoM op"]
[Site "Douglas"]
[Date "2017.09.23"]
[Round "1"]
[White "Mekhitarian, Krikor Sevag"]
[Black "Arjun, Kalyan"]
[Result "1/2-1/2"]
[WhiteElo "2534"]
[BlackElo "2406"]
[PlyCount "62"]
[EventDate "2017.09.23"]
[EventType "swiss"]
[EventRounds "9"]
[EventCountry "ENG"]
[SourceTitle "EXT 2018"]
[Source "ChessBase"]
[SourceDate "2017.10.13"]
[SourceVersion "1"]
[SourceVersionDate "2017.10.13"]
[SourceQuality "1"]

1. e4 e5 2. Nf3 Nc6 3. Bb5 a6 4. Ba4 Nf6 5. O-O Be7 6. Re1 b5 7. Bb3 d6 8. c3
O-O 9. h3 Nb8 10. d4 Nbd7 11. Nbd2 Bb7 12. Bc2 Re8 13. a4 Bf8 14. Bd3 c6 15. b3
g6 16. Bb2 Bg7 17. Qc2 Nh5 18. g3 Rc8 19. Bf1 exd4 20. cxd4 d5 21. b4 c5 22.
bxc5 dxe4 23. Nxe4 Bxe4 24. Rxe4 Rxe4 25. Qxe4 Nxc5 26. dxc5 Bxb2 27. Ra2 Bg7
28. axb5 axb5 29. Bxb5 Rxc5 30. Bc4 Nf6 31. Qb7 Rc7 1/2-1/2